[Event "9ème Open International de Rouen"]
[Site "Hôtel de Région - 76000 Rouen"]
[Date "2016.12.19"]
[Round "4.27"]
[White "Ferreira, Loic"]
[Black "Fontaine, Olivier"]
[Result "0-1"]
[WhiteElo "1441"]
[BlackElo "1826"]
[PlyCount "56"]
[EventDate "2016.??.??"]

1. e4 c5 2. Nc3 Nc6 3. Bc4 e6 4. f4 d6 5. Nf3 Nf6 6. d3 a6 7. a3 Be7 8. Bd2 b5
9. Ba2 Qc7 10. Qe2 Nd4 11. Nxd4 cxd4 12. Nd1 e5 13. fxe5 dxe5 14. Bg5 O-O
15. O-O Bg4 16. Qd2 Bh5 17. Nf2 Rac8 18. Rac1 Qd6 19. h3 Bg6 20. Nh1 h6
21. Bxf6 Bxf6 22. Rf3 Bg5 23. Qd1 Bxc1 24. Qxc1 Rc7 25. Ng3 Kh7 26. h4 f6
27. Nf5 Qc5 28. h5 Bxf5 0-1

[Event "9ème Open International de Rouen"]
[Site "Hôtel de Région - 76000 Rouen"]
[Date "2016.12.19"]
[Round "4.28"]
[White "Pineau, Patrick"]
[Black "Vigneron, Frederic"]
[Result "0-1"]
[WhiteElo "1433"]
[BlackElo "1800"]
[PlyCount "98"]
[EventDate "2016.??.??"]

1. e4 c5 2. Nf3 Nc6 3. Bc4 e6 4. c3 d6 5. O-O Nf6 6. d3 Be7 7. Re1 Qc7 8. Bb5
Bd7 9. Bg5 a6 10. Ba4 b5 11. Bb3 h6 12. Bh4 g5 13. Bg3 Nh5 14. Nbd2 Nxg3
15. fxg3 g4 16. Nh4 Rg8 17. Nf1 Qd8 18. Re3 Bg5 19. Qe2 Qe7 20. Kh1 Bxe3
21. Nxe3 h5 22. Rf1 O-O-O 23. Qd2 Ne5 24. a3 Ng6 25. c4 Bc6 26. cxb5 axb5
27. Qa5 Nxh4 28. gxh4 Qb7 29. Qc3 Rdf8 30. Qf6 Qd7 31. Qh6 Qd8 32. Qf4 Qe7
33. Rc1 Kb7 34. Ra1 Rg6 35. a4 b4 36. Nc4 e5 37. Na5+ Kb6 38. Nxc6 Kxc6
39. Bd5+ Kb6 40. a5+ Ka7 41. Qf1 Qxh4 42. d4 g3 43. h3 Qe7 44. a6 Rf6 45. Qb5
Rb8 46. Bb7 exd4 47. Qd3 Qe5 48. b3 Rf2 49. Bd5 Qf4 0-1

[Event "9ème Open International de Rouen"]
[Site "Hôtel de Région - 76000 Rouen"]
[Date "2016.12.19"]
[Round "4.29"]
[White "Serano, Vincent"]
[Black "Deschuyteneer, Lucien"]
[Result "1-0"]
[WhiteElo "1705"]
[BlackElo "1399"]
[PlyCount "67"]
[EventDate "2016.??.??"]

1. d4 d5 2. Nf3 Nf6 3. Bf4 e6 4. e3 Be7 5. Bd3 O-O 6. Nbd2 b6 7. c3 Bb7 8. Ng5
h6 9. h4 Nbd7 10. Be5 c5 11. Qf3 a6 12. Qh3 Rc8 13. Ndf3 b5 14. Nxe6 fxe6
15. Qxe6+ Kh8 16. Ng5 Qe8 17. O-O-O Rc6 18. Qf5 g6 19. Qh3 Nxe5 20. dxe5 Ne4
21. Nxe4 dxe4 22. Bxe4 Rc7 23. Bxb7 Rxb7 24. f4 Qc6 25. Rd2 Rd8 26. Rhd1 Rxd2
27. Rxd2 a5 28. h5 gxh5 29. Qxh5 Kg7 30. f5 Bg5 31. Qh3 Kf8 32. f6 Bxf6
33. exf6 Qxf6 34. Qc8+ 1-0

[Event "9ème Open International de Rouen"]
[Site "Hôtel de Région - 76000 Rouen"]
[Date "2016.12.19"]
[Round "4.30"]
[White "Dubois, Benjamin"]
[Black "Bailly, Yannick"]
[Result "1-0"]
[WhiteElo "1666"]
[BlackElo "1396"]
[PlyCount "101"]
[EventDate "2016.??.??"]

1. e4 c5 2. Nc3 Nc6 3. g3 d6 4. Bg2 g6 5. d3 Bg7 6. Be3 Nf6 7. h3 O-O 8. Qd2
Re8 9. Nd1 Nd7 10. c3 Rb8 11. Bh6 Bh8 12. h4 Nf6 13. h5 Bg7 14. hxg6 fxg6
15. Bxg7 Kxg7 16. Qh6+ Kf7 17. Nf3 Rh8 18. Ng5+ Kg8 19. Ne3 Qf8 20. Qxf8+ Kxf8
21. O-O-O Ne5 22. Rh4 Kg7 23. f4 Neg4 24. Nxg4 Bxg4 25. Rdh1 e6 26. e5 dxe5
27. fxe5 Nh5 28. Rxg4 Rhc8 29. Ra4 a6 30. g4 h6 31. gxh5 hxg5 32. h6+ Kh7
33. Rg4 Rf8 34. Rxg5 b5 35. Be4 Rg8 36. Kd1 Rbf8 37. Ke2 a5 38. Rhg1 Kxh6
39. Rxg6+ Rxg6 40. Rxg6+ Kh7 41. Rxe6+ Kg7 42. Rg6+ Kf7 43. Rf6+ Ke7 44. Rxf8
Kxf8 45. Kf3 Ke7 46. Kf4 b4 47. Kf5 a4 48. d4 c4 49. d5 a3 50. cxb4 axb2 51. a4
1-0

[Event "9ème Open International de Rouen"]
[Site "Hôtel de Région - 76000 Rouen"]
[Date "2016.12.19"]
[Round "4.31"]
[White "Lormier, Vincent"]
[Black "Dunand, Damien"]
[Result "0-1"]
[WhiteElo "1399"]
[BlackElo "1650"]
[PlyCount "82"]
[EventDate "2016.??.??"]

1. e4 Nf6 2. Nc3 d5 3. exd5 Nxd5 4. Bc4 Nxc3 5. bxc3 Nc6 6. d4 Bf5 7. Ba3 e6
8. Bxf8 Kxf8 9. Nf3 Qf6 10. O-O Bg4 11. Ne5 Nxe5 12. dxe5 Bxd1 13. exf6 Bxc2
14. fxg7+ Kxg7 15. Bb3 Be4 16. f3 Bc6 17. Rfd1 Rad8 18. Kf2 Rd6 19. Rxd6 cxd6
20. Rd1 d5 21. f4 Rd8 22. Rd4 f6 23. Bc2 h5 24. h3 e5 25. fxe5 fxe5 26. Rh4
Rf8+ 27. Ke3 Be8 28. Bb3 Bf7 29. g4 hxg4 30. Rxg4+ Kf6 31. Rg1 Rh8 32. Rf1+ Ke7
33. Rh1 Rh4 34. Kf2 Kf6 35. Kg3 Kg5 36. Re1 e4 37. Rd1 Be6 38. Bxd5 Rxh3+
39. Kg2 Bg4 40. Bxe4 Rxc3 41. Bxb7 Bxd1 0-1

[Event "9ème Open International de Rouen"]
[Site "Hôtel de Région - 76000 Rouen"]
[Date "2016.12.19"]
[Round "4.32"]
[White "Dionisi, Michel"]
[Black "Blasco, David"]
[Result "0-1"]
[WhiteElo "1390"]
[BlackElo "1596"]
[PlyCount "74"]
[EventDate "2016.??.??"]

1. e4 d6 2. d4 Nf6 3. Nc3 g6 4. f4 Bg7 5. Nf3 c5 6. Bb5+ Bd7 7. e5 Ng4 8. e6
Bxb5 9. exf7+ Kf8 10. Ng5 Qa5 11. Qxg4 Bd7 12. Qf3 Nc6 13. O-O Bxd4+ 14. Kh1 h6
15. Nge4 Kxf7 16. Bd2 Qd8 17. Rae1 Kg7 18. Qg3 Bf5 19. h4 d5 20. Nf2 h5 21. Nh3
Bf6 22. Ng5 Bxg5 23. fxg5 Bxc2 24. Ne2 e5 25. Qc3 Bf5 26. Qxc5 Bd3 27. Qc3 Bxe2
28. Rxe2 Rf8 29. Rfe1 Rf5 30. g3 Qd7 31. Bf4 d4 32. Qa3 Qd5+ 33. Kh2 exf4
34. Re7+ Nxe7 35. Qxe7+ Rf7 36. Qa3 fxg3+ 37. Qxg3 Rd8 0-1

[Event "9ème Open International de Rouen"]
[Site "Hôtel de Région - 76000 Rouen"]
[Date "2016.12.19"]
[Round "4.33"]
[White "Mignot, Philippe"]
[Black "Ginovart, Camille"]
[Result "1-0"]
[WhiteElo "1321"]
[BlackElo "1567"]
[PlyCount "103"]
[EventDate "2016.??.??"]

1. d4 Nf6 2. c4 g6 3. Nc3 Bg7 4. e4 d6 5. Nf3 O-O 6. Be2 Bg4 7. Be3 Nc6 8. h3
Bxf3 9. Bxf3 e5 10. d5 Na5 11. Qa4 c5 12. dxc6 Nxc6 13. Bg5 Nd4 14. Qd1 Qb6
15. b3 Rac8 16. O-O Nd7 17. Nd5 Qc5 18. Ne7+ Kh8 19. Nxc8 Nxf3+ 20. Qxf3 Qxc8
21. Be7 Re8 22. Bxd6 f5 23. exf5 e4 24. Qf4 Bxa1 25. Rxa1 gxf5 26. Bb4 Ne5
27. Bc3 Qe6 28. Rd1 Kg8 29. Rd5 Nd3 30. Qxf5 Qxf5 31. Rxf5 Nc1 32. Rg5+ Kf8
33. Bb2 Nxa2 34. b4 Rc8 35. Ra5 Nxb4 36. Ba3 Rxc4 37. Rxa7 Kg8 38. Rxb7 Nd3
39. Rb8+ Kg7 40. Bf8+ Kf7 41. Bh6 Rc3 42. Be3 Ne5 43. Rb7+ Kg6 44. Re7 Kf5
45. Rxh7 Rd3 46. Rh5+ Ke6 47. Rh4 Kd5 48. Rh5 Ke6 49. g4 Nf3+ 50. Kg2 Rd1
51. Kg3 Ne5 52. Kf4 1-0

[Event "9ème Open International de Rouen"]
[Site "Hôtel de Région - 76000 Rouen"]
[Date "2016.12.19"]
[Round "4.34"]
[White "Bat, Bilguun"]
[Black "Vasset, Francois"]
[Result "1-0"]
[WhiteElo "1563"]
[BlackElo "1399"]
[PlyCount "43"]
[EventDate "2016.??.??"]

1. d4 Nf6 2. c4 g6 3. Nc3 d5 4. Bg5 Ne4 5. Nxe4 dxe4 6. e3 c5 7. dxc5 Qa5+
8. Qd2 Qxd2+ 9. Kxd2 Bg7 10. Kc2 Na6 11. Ne2 Nxc5 12. Nc3 e6 13. Rd1 O-O
14. Be7 Nd3 15. Bxf8 Nxf2 16. Bxg7 Kxg7 17. Be2 Nxh1 18. Rxh1 Bd7 19. Nxe4 Bc6
20. Bf3 Rd8 21. Rd1 Rxd1 22. Kxd1 1-0

[Event "9ème Open International de Rouen"]
[Site "Hôtel de Région - 76000 Rouen"]
[Date "2016.12.19"]
[Round "4.35"]
[White "Ferreira, Theo"]
[Black "Madon, Francis"]
[Result "0-1"]
[WhiteElo "1299"]
[BlackElo "1495"]
[PlyCount "84"]
[EventDate "2016.??.??"]

1. e4 c5 2. Nf3 e6 3. d4 cxd4 4. Nxd4 Nc6 5. Nc3 Nf6 6. f3 Bb4 7. Ne2 Qb6
8. a3 Bc5 9. Qd3 Bf2+ 10. Kd1 Ne5 11. Qb5 Qc7 12. Bf4 Qd6+ 13. Bd2 a6 14. Qb4
Bc5 15. Qb3 b5 16. Nf4 Be3 17. Nd3 Nxd3 18. Bxd3 Bc5 19. Ne2 O-O 20. Bb4 Bb7
21. Qc3 Bxb4 22. Qxb4 Qc7 23. Qc3 Qb6 24. Qd4 Qc7 25. Qc3 Qb8 26. g3 d5 27. e5
Nd7 28. Qd4 Nxe5 29. f4 Nc6 30. Qe3 e5 31. c3 exf4 32. Nxf4 Re8 33. Qf3 Ne5
34. Qe2 d4 35. Rf1 Nxd3 36. Qxd3 dxc3 37. Qxc3 Qd8+ 38. Qd3 Qb6 39. Kc1 Rac8+
40. Kd2 Rcd8 41. Qxd8 Qxd8+ 42. Kc3 Qf6+ 0-1

[Event "9ème Open International de Rouen"]
[Site "Hôtel de Région - 76000 Rouen"]
[Date "2016.12.19"]
[Round "4.36"]
[White "Grignoux, Yannick"]
[Black "Blondel, Jean-Michel"]
[Result "1-0"]
[WhiteElo "1481"]
[BlackElo "1369"]
[PlyCount "117"]
[EventDate "2016.??.??"]

1. d4 d5 2. Bf4 Nf6 3. e3 Nc6 4. Nc3 e6 5. Nb5 Bd6 6. Bg5 Be7 7. Nf3 a6 8. Nc3
O-O 9. a3 Bd7 10. Bd3 h6 11. Bh4 Re8 12. b4 Nh7 13. Bg3 Bf6 14. h4 Bc8 15. Qd2
b6 16. O-O Bb7 17. Rfe1 e5 18. Bf5 e4 19. Nh2 Bxh4 20. Bxh7+ Kxh7 21. Bxh4 Qxh4
22. Nxd5 Qd8 23. Nf4 f5 24. Qe2 Ne7 25. Qh5 Qd6 26. Nf1 Bc6 27. Ng3 g6 28. Qh2
Ba4 29. c4 c5 30. Nge2 cxb4 31. axb4 Qxb4 32. Ne6 Rac8 33. Qe5 Rg8 34. c5 bxc5
35. Nxc5 Bb5 36. Qxe7+ Rg7 37. Qe6 Rb8 38. Nf4 Bc4 39. Qf6 Rf7 40. Qxg6+ Kh8
41. Qxh6+ Rh7 42. Qf6+ Kg8 43. Ng6 Re8 44. Reb1 Qc3 45. Qxf5 Rf7 46. Qh5 Rh7
47. Qg5 Rg7 48. Qf6 Qd2 49. Nf4 Rf8 50. Qc6 Bb5 51. Qd6 Bc4 52. Nce6 Bxe6
53. Qxe6+ Rgf7 54. Rb7 Qc2 55. Rxf7 Rxf7 56. d5 Qc3 57. Rxa6 Qe1+ 58. Kh2 Qxf2
59. Ra8+ 1-0

[Event "9ème Open International de Rouen"]
[Site "Hôtel de Région - 76000 Rouen"]
[Date "2016.12.19"]
[Round "4.37"]
[White "Rocher, Elian"]
[Black "Lebreton, Gabin"]
[Result "1/2-1/2"]
[WhiteElo "1450"]
[BlackElo "1237"]
[PlyCount "104"]
[EventDate "2016.??.??"]

1. e4 e5 2. Nf3 Nc6 3. Bc4 Nf6 4. d3 d5 5. exd5 Nxd5 6. O-O g6 7. Re1 Bg7
8. Nxe5 Nxe5 9. d4 Nb6 10. Bb3 O-O 11. dxe5 Qxd1 12. Rxd1 Bxe5 13. Bh6 Bg7
14. Bxg7 Kxg7 15. Nc3 Bf5 16. Ne2 Bd7 17. c4 Ba4 18. Bxa4 Nxa4 19. b3 Rfe8
20. Kf1 Nc5 21. Rd5 Ne4 22. Rd7 Rac8 23. Rad1 Nf6 24. R7d4 c5 25. R4d3 Ng4
26. h3 Ne5 27. Rd5 b6 28. Nc3 a6 29. Na4 b5 30. Nxc5 bxc4 31. Re1 cxb3 32. axb3
Nc6 33. Rxe8 Rxe8 34. Nxa6 Ra8 35. Nc5 Rd8 36. Rxd8 Nxd8 37. Ke2 Kf6 38. Kd3
Ke5 39. b4 Kd5 40. f3 f5 41. f4 h6 42. Nd7 Ne6 43. g3 g5 44. fxg5 hxg5 45. Nf6+
Ke5 46. Nh5 f4 47. b5 fxg3 48. Nxg3 Kf4 49. Ne2+ Kf3 50. b6 g4 51. hxg4 Kxg4
52. b7 Nc5+ 1/2-1/2

[Event "9ème Open International de Rouen"]
[Site "Hôtel de Région - 76000 Rouen"]
[Date "2016.12.19"]
[Round "4.38"]
[White "Voegele, Francois-Marie"]
[Black "Benassis, Nicola-Henri"]
[Result "0-1"]
[WhiteElo "1130"]
[BlackElo "1448"]
[PlyCount "48"]
[EventDate "2016.??.??"]

1. f4 d5 2. Nf3 Nc6 3. e3 Nf6 4. Be2 e6 5. O-O Bd7 6. Nc3 a6 7. d3 Bd6 8. Bd2
Qe7 9. b3 e5 10. fxe5 Nxe5 11. Bc1 O-O-O 12. Bd2 Neg4 13. Bc1 Nxe3 14. Bxe3
Qxe3+ 15. Kh1 d4 16. Na4 Ng4 17. Qe1 Rhe8 18. Nb2 Qxe2 19. Qc1 Qe3 20. Qd1 Nf2+
21. Rxf2 Qxf2 22. Nc4 Bc6 23. Ncd2 Re2 24. Ne4 Qxg2# 0-1

[Event "9ème Open International de Rouen"]
[Site "Hôtel de Région - 76000 Rouen"]
[Date "2016.12.19"]
[Round "4.39"]
[White "Cernettig, Michel"]
[Black "Piassale, Mael"]
[Result "1-0"]
[WhiteElo "1398"]
[BlackElo "1281"]
[PlyCount "131"]
[EventDate "2016.??.??"]

1. d4 d5 2. c4 e6 3. Nc3 Nf6 4. Bg5 Nbd7 5. e3 Be7 6. cxd5 exd5 7. Bd3 O-O
8. Nge2 b6 9. O-O c5 10. b3 a6 11. a4 Qc7 12. Bf4 Bd6 13. h3 Ne8 14. Nxd5 Qd8
15. Qc2 Bxf4 16. Ndxf4 Nd6 17. Bxh7+ Kh8 18. Bd3 Bb7 19. dxc5 Nxc5 20. f3 Rc8
21. Qd1 Ne8 22. Bf5 Qxd1 23. Rfxd1 Rc7 24. Nd4 Nf6 25. b4 Ncd7 26. b5 g6
27. Bxg6 fxg6 28. Nxg6+ Kh7 29. Nxf8+ Nxf8 30. e4 Ng6 31. Rac1 Rg7 32. Ne6 Re7
33. Rc7 Rxc7 34. Nxc7 axb5 35. axb5 Kg7 36. Rd6 Kf7 37. Rxb6 Bc8 38. Rb8 Ne7
39. Ra8 Nd7 40. Nd5 Bb7 41. Ra7 Nxd5 42. Rxb7 Nb6 43. f4 Ke6 44. g4 Nc8 45. Rc7
Nd6 46. f5+ Ke7 47. e5 Nxb5 48. Rb7 Nd4 49. e6 Nxe6 50. Rxd7+ Kxd7 51. fxe6+
Kxe6 52. Kf2 Kf6 53. h4 Ke5 54. Ke3 Ke6 55. Ke4 Kf6 56. Kf4 Kg6 57. h5+ Kh6
58. Kf5 Kg7 59. g5 Kh7 60. Kf6 Kg8 61. h6 Kh8 62. Kf7 Kh7 63. g6+ Kh8 64. g7+
Kh7 65. g8=Q+ Kxh6 66. Qg6# 1-0

[Event "9ème Open International de Rouen"]
[Site "Hôtel de Région - 76000 Rouen"]
[Date "2016.12.19"]
[Round "4.40"]
[White "Julien, Franck"]
[Black "Nguyen, Tristan"]
[Result "1-0"]
[WhiteElo "1569"]
[BlackElo "1199"]
[PlyCount "97"]
[EventDate "2016.??.??"]

1. d4 d5 2. c4 e6 3. Nc3 Nf6 4. Nf3 c6 5. e3 Bb4 6. Bd3 Nbd7 7. O-O O-O 8. Bd2
b6 9. a3 Bd6 10. Rc1 Qc7 11. cxd5 exd5 12. e4 dxe4 13. Nxe4 Nxe4 14. Bxe4 Bb7
15. Qc2 Nf6 16. Bxc6 Rac8 17. Ba4 Qxc2 18. Bxc2 Rcd8 19. Rfe1 Bb8 20. Bc3 Rfe8
21. Ne5 Bd5 22. f3 Rc8 23. Ba4 Re6 24. Nd7 Rxe1+ 25. Rxe1 Nxd7 26. Bxd7 Rd8
27. Bf5 Bd6 28. Be4 Be6 29. Bc2 g6 30. h3 Rc8 31. Ra1 Bg3 32. Kf1 Bc4+ 33. Kg1
Re8 34. Ba4 Re2 35. Rc1 a5 36. Bd1 Rf2 37. Ba4 Bd3 38. Bc6 Re2 39. a4 Kf8
40. Bb5 Bxb5 41. axb5 Ke8 42. Kf1 Rf2+ 43. Kg1 Re2 44. d5 Bc7 45. Kf1 Re7
46. Bf6 Rd7 47. Ke2 Bf4 48. Rc8+ Rd8 49. Rxd8# 1-0

[Event "9ème Open International de Rouen"]
[Site "Hôtel de Région - 76000 Rouen"]
[Date "2016.12.19"]
[Round "4.41"]
[White "Thery, Arthus"]
[Black "Argouse, Alexandre"]
[Result "1-0"]
[WhiteElo "1254"]
[BlackElo "1148"]
[PlyCount "41"]
[EventDate "2016.??.??"]

1. e4 c5 2. Nf3 Nc6 3. d4 e6 4. Be3 b6 5. Nc3 g6 6. dxc5 bxc5 7. e5 Bg7
8. Bxc5 Nxe5 9. Nxe5 Bxe5 10. Bd4 Qa5 11. Bb5 Rb8 12. Bxe5 Rxb5 13. Bxh8 Rxb2
14. O-O Bb7 15. Rb1 Qg5 16. f3 Rxb1 17. Qxb1 Bxf3 18. Rxf3 Ne7 19. Qb8+ Nc8
20. Qxc8+ Ke7 21. Bf6+ 1-0

[Event "9ème Open International de Rouen"]
[Site "Hôtel de Région - 76000 Rouen"]
[Date "2016.12.19"]
[Round "4.42"]
[White "Guignard, Jonathan"]
[Black "Colin-Chen, Christine"]
[Result "1-0"]
[WhiteElo "1249"]
[BlackElo "1359"]
[PlyCount "85"]
[EventDate "2016.??.??"]

1. e4 c5 2. Nf3 Nc6 3. d4 cxd4 4. Nxd4 Nf6 5. f3 g6 6. c4 Bg7 7. Be3 O-O
8. Nc3 d6 9. Be2 Nxd4 10. Bxd4 Be6 11. O-O Nd7 12. Nd5 Bxd5 13. exd5 Bxd4+
14. Qxd4 Qb6 15. Qxb6 Nxb6 16. Bd3 Rac8 17. b3 Nd7 18. Rfe1 Rfe8 19. Re2 Kf8
20. f4 a5 21. Rae1 b6 22. Kf2 Nc5 23. Bb1 Rb8 24. g4 e6 25. dxe6 fxe6 26. Rd1
Rbd8 27. h4 Kg7 28. Red2 Rf8 29. Kg3 e5 30. fxe5 Rd7 31. exd6 Rfd8 32. Kf4 Kf6
33. h5 g5+ 34. Kf3 h6 35. Bf5 Ne6 36. Ke4 Nc5+ 37. Kf3 Ra7 38. d7 Rc7 39. Rd6+
Kg7 40. Rxb6 Rcxd7 41. Bxd7 Rxd7 42. Rxd7+ Nxd7 43. Rb7 1-0

[Event "9ème Open International de Rouen"]
[Site "Hôtel de Région - 76000 Rouen"]
[Date "2016.12.19"]
[Round "4.43"]
[White "Ayoub, Alexandre"]
[Black "Madon, Clement"]
[Result "1-0"]
[WhiteElo "1303"]
[BlackElo "1168"]
[PlyCount "107"]
[EventDate "2016.??.??"]

1. e4 c5 2. Nf3 Nc6 3. d4 cxd4 4. Nxd4 e5 5. Nf3 d6 6. Bc4 Be7 7. Nc3 Nf6
8. Be3 O-O 9. Qd2 a6 10. O-O b5 11. Bd3 Ng4 12. Bg5 Bxg5 13. Nxg5 h6 14. Nf3
Re8 15. h3 Nf6 16. Be2 Bb7 17. a3 Ne7 18. Rad1 Nxe4 19. Nxe4 Bxe4 20. Bd3 Bxf3
21. gxf3 Rb8 22. Be4 Rb6 23. Rfe1 Nc8 24. Re3 Qg5+ 25. Kh2 Rd8 26. Rg1 Qe7
27. Rd3 Qf6 28. Qe3 Rb8 29. Rdd1 Ne7 30. Qa7 Rbc8 31. Qxa6 Rc5 32. Qb6 Ng6
33. Bxg6 fxg6 34. c3 Rd7 35. Rg3 h5 36. b4 Rxc3 37. Qxb5 Rf7 38. Qb8+ Kh7
39. Qa8 h4 40. Rg4 Rxf3 41. Rf1 Rxf2+ 42. Rxf2 Qxf2+ 43. Rg2 Qf4+ 44. Kh1 Rc7
45. b5 Rc1+ 46. Rg1 Qe3 47. Qg2 g5 48. a4 Kh6 49. b6 Rc8 50. a5 e4 51. a6 Rb8
52. a7 Rf8 53. b7 Rf3 54. Rf1 {Gain au temps.} 1-0

[Event "9ème Open International de Rouen"]
[Site "Hôtel de Région - 76000 Rouen"]
[Date "2016.12.19"]
[Round "4.44"]
[White "Madon, Paul"]
[Black "Garcia, Frederic"]
[Result "1-0"]
[WhiteElo "1199"]
[BlackElo "1254"]
[PlyCount "49"]
[EventDate "2016.??.??"]

1. e4 e5 2. Nf3 Nc6 3. Bb5 f6 4. d3 a6 5. Bc4 Bc5 6. b3 Nge7 7. Nc3 Na5 8. Nd5
c6 9. d4 Nxc4 10. dxc5 Nxd5 11. exd5 Na3 12. O-O Nb5 13. d6 O-O 14. Re1 Re8
15. Bb2 b6 16. Bxe5 fxe5 17. Nxe5 bxc5 18. Qf3 Nxd6 19. Rad1 Rf8 20. Qe2 Bb7
21. Rxd6 Re8 22. Qc4+ Kh8 23. Nf7+ Kg8 24. Nxd8+ Kf8 25. Qf7# 1-0

[Event "9ème Open International de Rouen"]
[Site "Hôtel de Région - 76000 Rouen"]
[Date "2016.12.19"]
[Round "4.45"]
[White "Garcia, Mael"]
[Black "Demol, Sylvain"]
[Result "1/2-1/2"]
[WhiteElo "1182"]
[BlackElo "1250"]
[PlyCount "51"]
[EventDate "2016.??.??"]

1. c4 e5 2. g3 Nf6 3. Bg2 d5 4. cxd5 Nxd5 5. Nc3 Nf6 6. e3 Bc5 7. Nge2 Nc6
8. O-O O-O 9. a3 a6 10. b4 Ba7 11. Bb2 Re8 12. Qc2 Be6 13. Rfd1 Rb8 14. Ne4 Nd7
15. d4 exd4 16. exd4 Bf5 17. d5 Nce5 18. Bxe5 Nxe5 19. h3 Qe7 20. Qb3 Bxe4
21. Bxe4 Ng6 22. Bf3 Qe5 23. Kg2 Rbd8 24. Ra2 Rd6 25. Rad2 Red8 26. Qb2 1/2-1/2

[Event "9ème Open International de Rouen"]
[Site "Hôtel de Région - 76000 Rouen"]
[Date "2016.12.19"]
[Round "5.1"]
[White "Okhotnik, Vladimir"]
[Black "Shchekachev, Andrei"]
[Result "1/2-1/2"]
[WhiteElo "2429"]
[BlackElo "2554"]
[PlyCount "64"]
[EventDate "2016.??.??"]

1. d4 Nf6 2. Nf3 e6 3. Bf4 c5 4. e3 Be7 5. Nbd2 cxd4 6. exd4 O-O 7. c3 b6
8. Bd3 Ba6 9. Bxa6 Nxa6 10. O-O Qc8 11. a4 Qb7 12. Re1 Rfc8 13. Bg5 Nc7 14. Ne5
Nce8 15. Qf3 Qxf3 16. Ndxf3 d6 17. Nd3 a6 18. h3 Kf8 19. Bd2 Nd5 20. Rec1 b5
21. axb5 axb5 22. Nfe1 Nef6 23. Nc2 Nb6 24. Rxa8 Rxa8 25. Ra1 Rxa1+ 26. Nxa1
Nc4 27. Bc1 Nd5 28. Nc2 e5 29. Ndb4 Nxb4 30. Nxb4 exd4 31. cxd4 Bf6 32. Nc2 Ke7
1/2-1/2

[Event "9ème Open International de Rouen"]
[Site "Hôtel de Région - 76000 Rouen"]
[Date "2016.12.19"]
[Round "5.2"]
[White "Garcia, Adrien"]
[Black "Loiseau, Quentin"]
[Result "0-1"]
[WhiteElo "2011"]
[BlackElo "2440"]
[PlyCount "52"]
[EventDate "2016.??.??"]

1. Nc3 c5 2. Nf3 e6 3. b3 d5 4. e3 g6 5. Bb2 Bg7 6. Na4 Bxb2 7. Nxb2 Ne7 8. Be2
Nbc6 9. O-O e5 10. e4 dxe4 11. Ng5 f5 12. Bc4 Nd5 13. f3 Nb6 14. Nf7 Qd4+ 15.
Kh1 Nxc4 16. Nxh8 Nxb2 17. Qe1 exf3 18. Rxf3 e4 19. Rh3 Qxh8 20. Qg3 Qg7 21.
Re1 Be6 22. Qd6 Bg8 23. d3 Qe5 24. Qxe5+ Nxe5 25. dxe4 f4 26. g3 f3 0-1

[Event "9ème Open International de Rouen"]
[Site "Hôtel de Région - 76000 Rouen"]
[Date "2016.12.19"]
[Round "5.3"]
[White "Mignot, Enzo"]
[Black "Legky, Nikolay A"]
[Result "0-1"]
[WhiteElo "1869"]
[BlackElo "2425"]
[PlyCount "62"]
[EventDate "2016.??.??"]

1. d4 d5 2. Nf3 Nf6 3. Bf4 c5 4. e3 Nc6 5. c4 e6 6. Nc3 a6 7. Be2 dxc4 8. dxc5
Bxc5 9. Bxc4 b5 10. Be2 Qxd1+ 11. Rxd1 Bb7 12. a3 Rc8 13. O-O O-O 14. Rd2 Rfd8
15. Rfd1 Rxd2 16. Rxd2 Kf8 17. Kf1 Ke8 18. Ng5 Ne7 19. Bf3 Bxf3 20. Nxf3 b4
21. axb4 Bxb4 22. Be5 Bxc3 23. bxc3 Ne4 24. Ra2 f6 25. Bg3 Rc6 26. Nd4 Rb6
27. Ra3 e5 28. Nc2 Nd5 29. c4 Nd2+ 30. Ke2 Nxc4 31. Ra4 Nc3+ 0-1

[Event "9ème Open International de Rouen"]
[Site "Hôtel de Région - 76000 Rouen"]
[Date "2016.12.19"]
[Round "5.4"]
[White "Le Roux, Jean-Pierre"]
[Black "Neiman, Emmanuel"]
[Result "1-0"]
[WhiteElo "2552"]
[BlackElo "2274"]
[PlyCount "65"]
[EventDate "2016.??.??"]

1. c4 e5 2. Nc3 Nf6 3. Nf3 Nc6 4. a3 d5 5. cxd5 Nxd5 6. d3 Be7 7. e3 O-O
8. Qc2 a5 9. Be2 Be6 10. O-O Nb6 11. b3 f5 12. Bb2 g5 13. d4 e4 14. Nd2 Bf6
15. Rad1 Ne7 16. g4 Qe8 17. gxf5 Bxf5 18. Ncxe4 Ned5 19. Bd3 Bg4 20. Rc1 Qh5
21. Ng3 Qh4 22. Bf5 Bg7 23. Bxg4 Qxg4 24. Qd1 Qe6 25. Nde4 g4 26. Nc5 Qg6
27. Qc2 Qh6 28. Qe4 Qh3 29. Qg2 Qh4 30. Ne6 Rf7 31. e4 Nf4 32. Nxf4 Rxf4
33. Rxc7 1-0

[Event "9ème Open International de Rouen"]
[Site "Hôtel de Région - 76000 Rouen"]
[Date "2016.12.19"]
[Round "5.5"]
[White "Albaric, Etienne"]
[Black "Veniat, Nicolas"]
[Result "0-1"]
[WhiteElo "2098"]
[BlackElo "1847"]
[PlyCount "148"]
[EventDate "2016.??.??"]

1. e4 d5 2. exd5 Nf6 3. Nc3 Nxd5 4. Bc4 c6 5. Nf3 e6 6. O-O Bd6 7. d4 O-O 8.
Ne4 Bf4 9. c3 Bxc1 10. Rxc1 Nd7 11. Bd3 N7f6 12. Ng3 a5 13. Ne5 Nf4 14. Bb1 Qd5
15. Qf3 Qxf3 16. Nxf3 b6 17. Ne5 Ba6 18. Rfe1 h5 19. h4 Rac8 20. Rcd1 Rfd8 21.
f3 Bb7 22. Kf2 N4d5 23. Ne4 Nxe4+ 24. Bxe4 Ne7 25. Nc4 Ba6 26. Nxb6 Rb8 27. Na4
Nd5 28. Rd2 Bc4 29. a3 Rb5 30. b4 axb4 31. axb4 Ra8 32. Bxd5 Bxd5 33. Nc5 Ra3
34. Rc1 Bc4 35. Ne4 Rb8 36. Nd6 Ba6 37. Rb2 Rd8 38. Ne4 Bc4 39. Nd2 Bd3 40. Ke3
Bb5 41. Kf2 Bd3 42. Nb3 Rb8 43. Ke3 Bc4 44. Nd2 Bb5 45. Kf2 Bd3 46. g3 Rba8 47.
Nb3 Rb8 48. Nc5 Bc4 49. Nd7 Rd8 50. Ne5 Bb5 51. Rcc2 f6 52. Ng6 Ra1 53. c4 Ba4
54. Rd2 Kf7 55. Nf4 Rc1 56. Ra2 Bb3 57. Ra7+ Kg8 58. Nxe6 Re8 59. d5 Bxc4 60.
Rxg7+ Kh8 61. Rg6 cxd5 62. Rxf6 Re7 63. g4 hxg4 64. fxg4 Rf1+ 65. Kg3 Rxf6 66.
Ng5 Re3+ 67. Kg2 Rf4 68. b5 Rxg4+ 69. Kf2 Rb3 70. Ra2 Rf4+ 71. Kg2 Bf1+ 72. Kg1
Rg3+ 73. Kh2 Rxg5 74. hxg5 Bxb5 {Gain Noirs au 123ème coup.} 0-1

[Event "9ème Open International de Rouen"]
[Site "Hôtel de Région - 76000 Rouen"]
[Date "2016.12.19"]
[Round "5.6"]
[White "Martine, Jean-Christophe"]
[Black "Andrieu, Philippe"]
[Result "1-0"]
[WhiteElo "2075"]
[BlackElo "1831"]
[PlyCount "85"]
[EventDate "2016.??.??"]

1. d4 d5 2. Nf3 Nf6 3. Nbd2 e6 4. e3 c5 5. c3 Nbd7 6. Bd3 cxd4 7. exd4 Bd6
8. O-O O-O 9. Re1 Qc7 10. Qe2 Re8 11. Ne5 Nf8 12. Ndf3 N6d7 13. Ng5 Nxe5
14. dxe5 Bxe5 15. Qxe5 Qxe5 16. Rxe5 f6 17. Re2 fxg5 18. Bxg5 e5 19. Rae1 e4
20. Bc2 b5 21. Bb3 Be6 22. Rd2 h6 23. Be3 a6 24. Bxd5 Bxd5 25. Rxd5 Re6
26. Red1 Rae8 27. Rd8 Kf7 28. Bc5 Ng6 29. R1d7+ Kf6 30. Bd4+ Ne5 31. Rxe8 Rxe8
32. Rd5 Kf5 33. g3 g5 34. Kf1 g4 35. Ke2 h5 36. Ke3 Re6 37. b3 Re8 38. c4 bxc4
39. bxc4 Re6 40. c5 a5 41. c6 Rxc6 42. Rxe5+ Kg6 43. Rxa5 1-0

[Event "9ème Open International de Rouen"]
[Site "Hôtel de Région - 76000 Rouen"]
[Date "2016.12.19"]
[Round "5.7"]
[White "Pinchon, Henri"]
[Black "Le Bourhis, Dominique"]
[Result "0-1"]
[WhiteElo "1819"]
[BlackElo "2065"]
[PlyCount "96"]
[EventDate "2016.??.??"]

1. e4 c5 2. Nf3 d6 3. c3 Nf6 4. Qc2 e6 5. d3 Nc6 6. Be2 Be7 7. O-O b6 8. h3
Bb7 9. Be3 Rc8 10. Nbd2 O-O 11. Rad1 Qc7 12. Qb1 d5 13. Bg5 h6 14. Bh4 Rfd8
15. Rfe1 a6 16. Bf1 dxe4 17. dxe4 b5 18. Nb3 Rxd1 19. Qxd1 Rd8 20. Qc1 c4
21. Na1 Ne5 22. Nxe5 Qxe5 23. Bg3 Qc5 24. Qc2 Nh5 25. Bh2 Bg5 26. Qe2 Rd2
27. Qf3 Nf6 28. Bf4 Bxf4 29. Qxf4 Rxb2 30. g4 Nxe4 31. Be2 e5 32. Qf3 Nd6
33. Qg3 Qd5 34. f3 Qd2 35. Kf1 f6 36. Qf2 Qxc3 37. Rd1 Rd2 38. Qe1 Rxd1
39. Qxd1 Qd4 40. Qb1 e4 41. Nc2 Qc3 42. Qd1 exf3 43. Qxd6 fxe2+ 44. Kxe2 Qxc2+
45. Ke1 Qe4+ 46. Kf2 Qf3+ 47. Ke1 Qe3+ 48. Kf1 Qd3+ 0-1